Object-Oriented Modeling and Design with UML / (Record no. 16819)
[ view plain ]
| 000 -LEADER | |
|---|---|
| fixed length control field | 01251cam a22002894a 4500 |
| 001 - CONTROL NUMBER | |
| control field | 13696705 |
| 005 - DATE AND TIME OF LATEST TRANSACTION | |
| control field | 20050812141744.0 |
| 008 - FIXED-LENGTH DATA ELEMENTS--GENERAL INFORMATION | |
| fixed length control field | 040824s2005 njua b 001 0 eng |
| 020 ## - INTERNATIONAL STANDARD BOOK NUMBER | |
| International Standard Book Number | 0130159204 |
| 040 ## - CATALOGING SOURCE | |
| Original cataloging agency | DLC |
| Transcribing agency | DLC |
| Modifying agency | DLC |
| 082 00 - DEWEY DECIMAL CLASSIFICATION NUMBER | |
| Classification number | 005.117 |
| Edition number | 22 |
| Item number | BLA |
| 100 1# - MAIN ENTRY--PERSONAL NAME | |
| Personal name | Blaha, Michael. |
| 9 (RLIN) | 30338 |
| 245 10 - TITLE STATEMENT | |
| Title | Object-Oriented Modeling and Design with UML / |
| Statement of responsibility, etc | Michael Blaha, James Rumbaugh. |
| 250 ## - EDITION STATEMENT | |
| Edition statement | 2nd ed. |
| 260 ## - PUBLICATION, DISTRIBUTION, ETC. (IMPRINT) | |
| Place of publication, distribution, etc | Upper Saddle River, NJ : |
| Name of publisher, distributor, etc | Pearson Education, |
| Date of publication, distribution, etc | 2005. |
| 300 ## - PHYSICAL DESCRIPTION | |
| Extent | xvii, 477 p. : |
| Other physical details | ill. ; |
| Dimensions | 24 cm. |
| 500 ## - GENERAL NOTE | |
| General note | Rev. ed of: Object-oriented modeling and design / James Rumbaugh. 1991. |
| 504 ## - BIBLIOGRAPHY, ETC. NOTE | |
| Bibliography, etc | Includes bibliographical references and index. |
| 650 #0 - SUBJECT ADDED ENTRY--TOPICAL TERM | |
| Topical term or geographic name as entry element | Object-oriented methods (Computer science) |
| 9 (RLIN) | 30339 |
| 650 #0 - SUBJECT ADDED ENTRY--TOPICAL TERM | |
| Topical term or geographic name as entry element | UML (Computer science) |
| 9 (RLIN) | 30340 |
| 653 ## - INDEX TERM--UNCONTROLLED | |
| Resource For college | |
| Arrived date list | July2012 |
| 700 1# - ADDED ENTRY--PERSONAL NAME | |
| Personal name | Rumbaugh, James. |
| 9 (RLIN) | 30341 |
| 700 1# - ADDED ENTRY--PERSONAL NAME | |
| Personal name | Rumbaugh, James. |
| Title of a work | Object-oriented modeling and design. |
| 9 (RLIN) | 30342 |
| 942 ## - ADDED ENTRY ELEMENTS (KOHA) | |
| Source of classification or shelving scheme | Dewey Decimal Classification |
| Item type | Book - Borrowing |
| Withdrawn status | Item status | Source of classification or shelving scheme | Damaged status | Not for loan | Vendor | Home library | Current library | Shelving location | Date acquired | Source of acquisition | Cost, normal purchase price | Serial Enumeration / chronology | Total Checkouts | Total Renewals | Full call number | Barcode | Date last seen | Date last borrowed | Koha item type |
|---|---|---|---|---|---|---|---|---|---|---|---|---|---|---|---|---|---|---|---|
| Dewey Decimal Classification | Baccah | Central Library | Central Library | Lower Floor | 04/07/2012 | 180.00 | 15423 | 1 | 1 | 005.117 BLA | 000026911 | 15/07/2025 | 19/12/2012 | Book - Borrowing |